00221pam a2200097 a 4500020000500000041000800005100001600013245005200029260003200081300001000113 c aeng aMourer E.R. aGermany Puts The Clock BackshTextual Documents aNew YorkbPenguin Books Ltd a278p.